Missing Word: Women's Names in Titles (A-Z) Quiz Stats

 Plays Quiz Updated Jun 24, 2017

Support Sporcle.
Go Orange.
Score 0/24 Timer 04:00
0 Plays Today
Title Name % Correct
BOOK: ____ PoppinsMary
97.9%
BOOK: ______ Jones's DiaryBridget
97.4%
TV SHOW: ______ MontanaHannah
95.1%
TV SHOW: Will & _____Grace
94.8%
MOVIE: Poison ___ Ivy
94.8%
MOVIE: _____ HallAnnie
93.4%
MOVIE: A Fish Called _____Wanda
91.9%
MOVIE: What Ever Happened to Baby ____?Jane
89.1%
SONG: _______ RigbyEleanor
87.4%
SONG: ____ SuePeggy
83.2%
TV SHOW: _______ & ShirleyLaverne
81.4%
TV SHOW: ________ MarsVeronica
80.7%
Title Name % Correct
TV SHOW: Hope & _____Faith
78.4%
SONG: Long Tall ___Sally
78.3%
BOOK: _______ of OzDorothy
77.8%
MOVIE: _____ RaeNorma
75.9%
TV SHOW: ___ PossibleKim
75.5%
BOOK: ____ of the d'UrbervillesTess
75.5%
SONG: Help Me, ______Rhonda
74.6%
SONG: The Ballad of John and ____Yoko
70.4%
BOOK: Z: A Novel of _____ FitzgeraldZelda
59.5%
MOVIE: Vicky ________ BarcelonaCristina
58.7%
BOOK: _____ KitteridgeOlive
46.1%
MOVIE: Xiu ___: The Sent Down GirlXiu
41.4%

Today's Daily Dose

Missing Word
'Y-Z' Pairs

Quick Pick
MCU Directors

You're not logged in!

Compare scores with friends on all Sporcle quizzes.
OR
Log In
Forgot?

From the Vault

Muhammad Ali's Opponents

by Aurelian147

Most of his opponents were definitely not 'the greatest'.
Remove Ads.
Support Sporcle.
Get the best of Sporcle when you Go Orange. This ad-free experience offers more features, more stats, and more fun while also helping to support Sporcle. Thank you for becoming a member.

Show Comments

Extras

Top Quizzes Today


Score Distribution

Your Account Isn't Verified!

In order to create a playlist on Sporcle, you need to verify the email address you used during registration. Go to your Sporcle Settings to finish the process.

Report this User

Report this user for behavior that violates our Community Guidelines.

Details: